00872nam a2200265Ia 4500003000400000005001700004008004100021020001800062040003300080041000800113082001300121245011200134250002200246264004300268300002600311336002700337337003300364338002800397490002100425500002100446650003500467650003700502650003200539650003500571OSt20211028135048.0121119s2003 sp gr 000 j spa  a9789589019702 aCO-MqBPBbspaerdacCO-MqBPB0 aspa 2ACaDIAd00aDespués de la tercera, es paja :bBreves Historias de amor fracasado /cWilmar Javier Díaz Santamaría aPrimera edición aMadridbEditorial Atenea Ltda. ,c2019 a220 páginas;c21 cm atextobtxt2rdacontent asin mediaciónbn2rdamedia avolumenbnc2rdacarrier0 aLetra grandev23 aIncluye índice14aCuentos latinoamericanos2LEMB14aLiteratura latinoamericana2LEMB14aAmor en la literatura2LEMB14aAutores latinoamericanos2LEMB